[Event "18th American Continental"]
[Site "Foz do Iguacu BRA"]
[Date "2025.05.28"]
[Round "8.9"]
[White "Perez Gormaz, Matias"]
[Black "Jacobson, Brandon"]
[Result "0-1"]
[WhiteTitle "IM"]
[BlackTitle "GM"]
[WhiteElo "2408"]
[BlackElo "2582"]
[WhiteFideId "3406342"]
[BlackFideId "30901561"]
[EventDate "2025.05.23"]

1. e4 c5 2. Nf3 Nc6 3. Bb5 d6 4. O-O Bd7 5. Re1 Nf6 6. c3 a6 7. Bf1 Bg4 8. h3
Bxf3 9. Qxf3 e6 10. d3 Be7 11. Nd2 O-O 12. Qd1 b5 13. a3 Qb6 14. Nf3 Rfd8 15.
Bf4 Rac8 16. g3 a5 17. a4 b4 18. Rb1 Qa7 19. Bg2 d5 20. e5 Nd7 21. h4 c4 22. d4
Rb8 23. Ng5 bxc3 24. bxc3 Rxb1 25. Qxb1 Nf8 26. Qd1 Rb8 27. Qh5 Nd8 28. Re3 Qb7
29. Kh2 Qb2 30. Rf3 Qc2 31. Be3 Qg6 32. Qg4 h5 33. Qf4 Rb3 34. Bc1 Rb1 35. Bd2
Rb2 36. Nh3 Qg4 37. Qe3 Qe4 38. Be1 Qxe3 39. Rxe3 Nd7 40. Nf4 Nb6 41. Kg1 Nxa4
42. Kf1 Rb1 43. Ke2 Nb6 44. Kd2 a4 45. Kc2 Rb3 46. Re2 Ba3 47. Rd2 Bb2 48. Ne2
a3 0-1

[Event "18th American Continental"]
[Site "Foz do Iguacu BRA"]
[Date "2025.05.28"]
[Round "8.10"]
[White "Hong, Andrew"]
[Black "Schnaider, Ilan"]
[Result "0-1"]
[WhiteTitle "GM"]
[BlackTitle "IM"]
[WhiteElo "2579"]
[BlackElo "2388"]
[WhiteFideId "2099438"]
[BlackFideId "169013"]
[EventDate "2025.05.23"]

1. c4 e6 2. g3 Nf6 3. Bg2 d5 4. Nf3 Be7 5. O-O O-O 6. d4 a5 7. Qc2 Nc6 8. a3
dxc4 9. Qxc4 a4 10. Nc3 Bd7 11. Bf4 Nh5 12. Be3 Na5 13. Qd3 Bc6 14. Rad1 Nf6 15.
Bg5 Nd5 16. Bxe7 Qxe7 17. Ne4 Rfd8 18. Ned2 Nb6 19. e4 e5 20. d5 Be8 21. Qe3 Nc8
22. Rc1 Bb5 23. Rfd1 c6 24. Qc3 f6 25. Bh3 Nd6 26. Be6+ Kh8 27. Qe3 Ne8 28. Nh4
Nc7 29. Bf5 Kg8 30. Qc3 g6 31. Bh3 Kg7 32. Rc2 Ne8 33. Nf1 Nd6 34. Re1 Nb3 35.
Nf3 c5 36. Qe3 b6 37. N1d2 Na5 38. Bf1 Bd7 39. Bd3 Rf8 40. Rc3 Rae8 41. Bc2 Nb5
42. Rd3 Nd4 43. Bd1 h6 44. Rc3 Bb5 45. Rc1 Qd6 46. Nxd4 cxd4 47. Qf3 d3 48. Qe3
f5 49. Bf3 f4 50. gxf4 Rxf4 51. Bg2 Ref8 52. f3 g5 53. Bf1 Nb3 54. Nxb3 Rxf3 55.
Qd2 axb3 56. Re3 Qf6 57. Rxf3 Qxf3 58. Bg2 Qe2 59. Qc3 Kg6 60. Re1 Qf2+ 61. Kh1
Rc8 62. Qb4 d2 63. Rd1 Rc1 64. Qxb3 Rxd1+ 65. Qxd1 Qe1+ 66. Bf1 Qxd1 0-1

[Event "18th American Continental"]
[Site "Foz do Iguacu BRA"]
[Date "2025.05.28"]
[Round "8.11"]
[White "Diaz Rosas, Julio Cesar"]
[Black "Fier, Alexandr"]
[Result "0-1"]
[WhiteTitle "FM"]
[BlackTitle "GM"]
[WhiteElo "2373"]
[BlackElo "2556"]
[WhiteFideId "5105099"]
[BlackFideId "2107139"]
[EventDate "2025.05.23"]

1. e4 c5 2. Nf3 Nc6 3. d4 cxd4 4. Nxd4 Nf6 5. Nc3 e5 6. Ndb5 d6 7. Bg5 a6 8. Na3
b5 9. Nab1 Be6 10. a4 Qa5 11. Bxf6 gxf6 12. Bd3 b4 13. Nd5 Bxd5 14. exd5 Qxd5
15. Nd2 Qe6 16. O-O f5 17. Qf3 e4 18. Nxe4 fxe4 19. Bxe4 Ne5 20. Qh5 Ra7 21. Bf5
Qh6 22. Qe2 Qf4 23. Be4 f5 24. Bd5 Bh6 25. Qh5+ Ng6 26. Rae1+ Kf8 27. g3 Qg5 28.
Qe2 Kg7 29. Qc4 Re7 30. Qxa6 Rhe8 31. Rd1 Qf6 32. b3 f4 33. Qb6 fxg3 34. hxg3
Rf8 35. a5 Kh8 36. a6 Nf4 37. Bb7 Ne2+ 38. Kg2 Qg7 39. Qxd6 Bf4 40. Qd8 Bb8 41.
a7 Bxa7 42. Ba6 Nf4+ 0-1

[Event "18th American Continental"]
[Site "Foz do Iguacu BRA"]
[Date "2025.05.28"]
[Round "8.12"]
[White "Rojas Salas, Steven"]
[Black "Hardaway, Brewington"]
[Result "1/2-1/2"]
[WhiteTitle "IM"]
[BlackTitle "GM"]
[WhiteElo "2343"]
[BlackElo "2502"]
[WhiteFideId "3819434"]
[BlackFideId "30941849"]
[EventDate "2025.05.23"]

1. e4 c5 2. Nf3 d6 3. d4 cxd4 4. Nxd4 Nf6 5. Nc3 Nc6 6. f3 e5 7. Nb3 Be6 8. Nd5
Be7 9. c4 O-O 10. Be2 a5 11. Be3 a4 12. Nd2 Nd7 13. O-O Bg5 14. Bf2 Qa5 15. Nb1
Bxd5 16. cxd5 Nd4 17. Na3 Qb4 18. Bd3 Rfc8 19. Rb1 Nc5 20. Be1 Qb6 21. Nc4 Qc7
22. Na3 Qb6 23. Bf2 Qb4 24. Be1 Qb6 25. Bf2 Qb4 1/2-1/2

[Event "18th American Continental"]
[Site "Foz do Iguacu BRA"]
[Date "2025.05.28"]
[Round "8.13"]
[White "Hungaski, Robert"]
[Black "Valdes Escobar, Alvaro"]
[Result "1-0"]
[WhiteTitle "GM"]
[BlackTitle "IM"]
[WhiteElo "2477"]
[BlackElo "2317"]
[WhiteFideId "2021030"]
[BlackFideId "3405451"]
[EventDate "2025.05.23"]

1. c4 e6 2. Nc3 d5 3. d4 Nf6 4. Bg5 Bb4 5. cxd5 exd5 6. Qa4+ Nc6 7. e3 h6 8.
Bxf6 Qxf6 9. Bb5 Bd7 10. Ne2 O-O 11. O-O Qd6 12. Rfc1 a6 13. Bxc6 Bxc6 14. Qb3
Rfd8 15. Nf4 Ba5 16. a4 Rab8 17. Nce2 Bb6 18. a5 Ba7 19. Ng3 g6 20. Qc3 Rbc8 21.
Nd3 Bb5 22. Nc5 Bxc5 23. Qxc5 Qxc5 24. Rxc5 b6 25. Rc3 c5 26. Rac1 Rb8 27. dxc5
bxc5 28. Rxc5 d4 29. e4 d3 30. Rd1 Ba4 31. Rd2 Bc2 32. f4 Rxb2 33. Kf2 Rdb8 34.
e5 R2b5 35. Ne4 Kg7 36. Ke3 Rb1 37. Nd6 Re1+ 38. Kf2 Rbb1 39. Rc8 Rf1+ 40. Kg3
g5 41. f5 Rbe1 42. Ne8+ 1-0

[Event "18th American Continental"]
[Site "Foz do Iguacu BRA"]
[Date "2025.05.28"]
[Round "8.14"]
[White "Villanueva, Mario"]
[Black "Caceres Benitez, Arturo Eduardo"]
[Result "1/2-1/2"]
[WhiteTitle "IM"]
[BlackTitle "FM"]
[WhiteElo "2454"]
[BlackElo "2313"]
[WhiteFideId "113433"]
[BlackFideId "3710769"]
[EventDate "2025.05.23"]

1. e4 c5 2. Nf3 Nc6 3. d4 cxd4 4. Nxd4 Nf6 5. Nc3 e6 6. a3 Be7 7. Be3 O-O 8. Be2
d5 9. exd5 Nxd5 10. Nxd5 Qxd5 11. Bf3 Qa5+ 12. b4 Qc7 13. Nxc6 bxc6 14. Qd3 Rb8
15. O-O c5 16. Qc4 Bb7 17. Bxb7 Qxb7 18. bxc5 Rfc8 19. h3 h5 20. Rfd1 Qb5 21.
Qxb5 Rxb5 22. Rab1 Rxb1 23. Rxb1 Bxc5 24. Bxc5 Rxc5 25. Rb8+ Kh7 26. Rb7 f6 27.
Rxa7 Rxc2 28. h4 Ra2 1/2-1/2

[Event "18th American Continental"]
[Site "Foz do Iguacu BRA"]
[Date "2025.05.28"]
[Round "8.47"]
[White "De Oliveira, Yuri Garcia"]
[Black "Da Silva Borges, Rodrigo"]
[Result "1-0"]
[WhiteElo "2001"]
[BlackElo "2146"]
[WhiteFideId "22762000"]
[BlackFideId "2115778"]
[EventDate "2025.05.23"]

1. c4 e6 2. Nf3 Nf6 3. g3 d5 4. Bg2 Be7 5. O-O O-O 6. d4 dxc4 7. Qc2 a6 8. a4
Nc6 9. Qxc4 Qd5 10. Nbd2 Rd8 11. e3 Qh5 12. Qc2 e5 13. Nxe5 Nxe5 14. dxe5 Ng4
15. Nf3 Nxe5 16. Nxe5 Qxe5 17. Bd2 Bf5 18. e4 Be6 19. Be3 Qa5 20. f4 f6 21. Bf3
Qb4 22. Ra3 Rd7 23. Rc3 c6 24. Rd1 Rad8 25. Rxd7 Rxd7 26. Be2 Bd8 27. Kf1 Bb6
28. Bc4 Bxc4+ 29. Rxc4 Rd1+ 30. Qxd1 Qxc4+ 31. Qe2 Qb3 32. Bxb6 Qxb6 33. Qc4+
Kf8 34. b4 Qd8 35. Ke2 Qd7 36. Qd3 Qg4+ 37. Ke3 Ke7 38. Qd4 Qe6 39. a5 Qb3+ 40.
Kf2 Qc2+ 41. Kg1 g6 42. Qc5+ Qxc5+ 43. bxc5 f5 44. Kf2 Ke6 45. Ke3 h5 46. h3 Kf6
47. Kf3 Ke6 48. g4 hxg4+ 49. hxg4 Kf6 50. exf5 gxf5 51. g5+ Kg6 52. Ke3 Kf7 53.
Kd4 Ke6 54. g6 Kf6 55. g7 Kxg7 56. Ke5 Kf8 57. Kxf5 Kf7 58. Ke5 Ke7 59. f5 Kf7
60. f6 1-0

[Event "18th American Continental"]
[Site "Foz do Iguacu BRA"]
[Date "2025.05.28"]
[Round "8.48"]
[White "Piccoli, Lucas Fonseca"]
[Black "Torales G., Ivan Alejandro B."]
[Result "1-0"]
[BlackTitle "FM"]
[WhiteElo "2284"]
[BlackElo "2089"]
[WhiteFideId "2190788"]
[BlackFideId "3710785"]
[EventDate "2025.05.23"]

1. e4 e5 2. Nf3 Nc6 3. Bc4 Bc5 4. O-O Nf6 5. d3 O-O 6. h3 h6 7. Nbd2 d6 8. c3
Bb6 9. Re1 Be6 10. Bxe6 fxe6 11. Nc4 Qd7 12. a4 d5 13. exd5 exd5 14. Ncxe5 Nxe5
15. Rxe5 c6 16. a5 Bc7 17. Re1 Qd6 18. Ra4 Nd7 19. g3 Nc5 20. Rd4 Qf6 21. Bf4
Bxf4 22. Rxf4 Qg6 23. Ne5 Qe6 24. Rxf8+ Rxf8 25. Kg2 Qf5 26. Qe2 Re8 27. d4 Ne4
28. h4 Rf8 29. f3 Nd6 30. a6 bxa6 31. Nxc6 Kh8 32. Ne7 Qf7 33. Nc6 Nc4 34. b3
Nd6 35. Ne5 Qf6 36. Nd7 Qf7 37. Nxf8 Qxf8 38. Qe7 Qb8 39. Re6 Nf5 40. Qe8+ Qxe8
41. Rxe8+ Kh7 42. Re6 a5 43. h5 Kg8 44. g4 Nh4+ 45. Kg3 Kf7 46. Ra6 g5 47. Rxa7+ 1-0

[Event "18th American Continental"]
[Site "Foz do Iguacu BRA"]
[Date "2025.05.28"]
[Round "8.49"]
[White "Silva, Caio Henrique Angelico"]
[Black "Acosta, Franco Emanuel"]
[Result "1-0"]
[WhiteElo "2261"]
[BlackElo "2075"]
[WhiteFideId "22777210"]
[BlackFideId "130265"]
[EventDate "2025.05.23"]

1. d4 d5 2. c4 e6 3. Nf3 Nf6 4. g3 Be7 5. Bg2 O-O 6. O-O dxc4 7. Qc2 b5 8. a4 b4
9. Nfd2 Nd5 10. Nxc4 c5 11. dxc5 Bxc5 12. Nbd2 Nd7 13. Nb3 Ba6 14. Nxc5 Nxc5 15.
Ne3 Rc8 16. Nxd5 exd5 17. Bh3 Ne6 18. Qd1 Qf6 19. Re1 Rc4 20. Qxd5 Nd4 21. Bg5
Qg6 22. Rad1 Nc2 23. Be7 Re8 24. Qd8 f5 25. Bxf5 Rxd8 26. Rxd8+ Kf7 27. Bxg6+
hxg6 28. Red1 Kxe7 29. R1d7+ Kf6 30. Rd6+ Ke7 31. R8d7+ Ke8 32. Rxa7 Bc8 33.
Rxg6 Nd4 34. Rgxg7 Kf8 35. Rgc7 Rxc7 36. Rxc7 Be6 37. Kf1 Ke8 38. a5 Kd8 39. Rb7
b3 40. h4 Bc4 41. Ke1 Bxe2 42. Kd2 Bh5 43. a6 Kc8 44. Rh7 Bg6 45. Rh8+ 1-0

[Event "18th American Continental"]
[Site "Foz do Iguacu BRA"]
[Date "2025.05.28"]
[Round "8.50"]
[White "Montevilla Cahuasa, Jonathan I."]
[Black "Martins, Vinicius Tine"]
[Result "1/2-1/2"]
[WhiteTitle "CM"]
[BlackTitle "FM"]
[WhiteElo "2022"]
[BlackElo "2257"]
[WhiteFideId "3322220"]
[BlackFideId "2112884"]
[EventDate "2025.05.23"]

1. e4 c5 2. Nf3 e6 3. d4 cxd4 4. Nxd4 a6 5. c4 Nf6 6. Nc3 Qc7 7. a3 Nc6 8. Be3
Be7 9. Be2 O-O 10. O-O d6 11. Rc1 Nxd4 12. Bxd4 Bd7 13. f4 Rac8 14. Bf3 e5 15.
Be3 exf4 16. Bxf4 Qb6+ 17. Kh1 Rxc4 18. e5 dxe5 19. Nd5 Nxd5 20. Rxc4 exf4 21.
Bxd5 Bb5 22. Rcxf4 Bxf1 23. Qxf1 Bf6 24. Rb4 Qd6 25. Bxb7 Re8 26. Bf3 Qd2 27.
Bc6 Rc8 28. Re4 Qxb2 29. a4 g6 30. Re8+ Rxe8 31. Bxe8 a5 32. Bb5 Qe5 33. Qe2 Qc7
34. Qc4 Qe7 35. Qe2 Be5 36. Qe4 Qc7 37. g3 Kg7 38. Kg2 h5 39. Qc6 Qe7 40. Qe8
Qf6 41. Qc6 Bd6 42. Qf3 Qe5 43. Qe2 Qg5 44. Qe4 Be5 45. Be2 Qf6 46. Bb5 Bd6 47.
Qf3 Qd4 48. Qd3 Qe5 49. Qe2 Qa1 50. Qf1 Qe5 51. Qe2 Qg5 52. Qe4 Qd8 53. Qe8 Qb6
54. Qc6 Qb8 55. Qe8 Qa7 56. Qc6 Be5 57. Qd5 Bf6 58. Qe4 Qb8 59. Bc4 Qc7 60. Bb5
h4 61. gxh4 Qc5 62. Be2 Bd8 63. h5 gxh5 64. Qf3 h4 65. Qg4+ Kf8 66. Qh5 Bg5 67.
Qh8+ Ke7 68. Qa8 Qe5 69. Bb5 Qb2+ 70. Kh3 Qc3+ 71. Kg4 f6 72. Qe8+ Kd6 73. Qd7+
Ke5 74. Qf5+ Kd4 75. Qf2+ Ke4 76. Qf5+ Ke3 77. Qf3+ Kd2 78. Qxc3+ Kxc3 1/2-1/2

[Event "18th American Continental"]
[Site "Foz do Iguacu BRA"]
[Date "2025.05.28"]
[Round "8.51"]
[White "Markzon, Gregory"]
[Black "Lima, Stefan Moisei VIeira"]
[Result "0-1"]
[WhiteTitle "FM"]
[BlackTitle "FM"]
[WhiteElo "2056"]
[BlackElo "2241"]
[WhiteFideId "2003694"]
[BlackFideId "22782273"]
[EventDate "2025.05.23"]

1. e4 e6 2. d4 d5 3. Nc3 Bb4 4. e5 c5 5. a3 Bxc3+ 6. bxc3 Nc6 7. Nf3 Qa5 8. Bd2
Bd7 9. c4 Qc7 10. cxd5 exd5 11. c3 c4 12. Ng5 Nh6 13. g3 O-O 14. Bg2 Ne7 15. O-O
Nhf5 16. Re1 Qc8 17. a4 h6 18. Nf3 Nc6 19. Bc1 Re8 20. Ba3 Nfe7 21. Nd2 Bh3 22.
Bf3 Be6 23. Nf1 Na5 24. Ne3 Qd7 25. Rb1 Nb3 26. Bg2 Nf5 27. Nxf5 Bxf5 28. Rxb3
cxb3 29. Qxb3 Be6 30. f4 Rac8 31. Bf1 Rc4 32. Bxc4 dxc4 33. Qb4 Qc8 34. a5 a6
35. Qc5 Qd7 36. Kf2 h5 37. f5 Bxf5 38. Qxc4 Be6 39. Qe2 h4 40. Bd6 Rc8 41. Bc5
hxg3+ 42. hxg3 Rc6 43. Rh1 Bd5 44. Rh5 g6 45. Rg5 Qh3 46. Ke3 Qh1 47. Rg4 Be6
48. Rh4 Bh3 49. Qf2 Qc1+ 50. Qd2 Qg1+ 51. Qf2 Qc1+ 52. Qd2 Qh1 53. Qf2 g5 54.
Rh5 Rg6 55. Kd3 Qd1+ 56. Ke3 Qxh5 0-1

[Event "18th American Continental"]
[Site "Foz do Iguacu BRA"]
[Date "2025.05.28"]
[Round "8.52"]
[White "Muniz, Francisco Allysson da S."]
[Black "Cordeiro, Marco Aurelio Zaror"]
[Result "1-0"]
[WhiteElo "2197"]
[BlackElo "2048"]
[WhiteFideId "2184753"]
[BlackFideId "2117991"]
[EventDate "2025.05.23"]

1. d4 Nf6 2. c4 c5 3. d5 e6 4. Nc3 exd5 5. cxd5 d6 6. e4 Be7 7. f4 O-O 8. Nf3
Re8 9. Bd3 Nbd7 10. O-O Bf8 11. h3 g6 12. Be3 Bg7 13. Qd2 a6 14. a4 Qc7 15. Rae1
Nb6 16. Qf2 Nfd7 17. a5 Nxd5 18. Nxd5 Qxa5 19. Bd2 Qd8 20. e5 dxe5 21. fxe5 Nf8
22. Be4 Be6 23. Bg5 Qa5 24. Nf6+ Bxf6 25. Bxf6 Nd7 26. Qh4 Nxf6 27. exf6 c4 28.
Kh1 Qc5 29. Ng5 h5 30. Bxg6 1-0

[Event "18th American Continental"]
[Site "Foz do Iguacu BRA"]
[Date "2025.05.28"]
[Round "8.53"]
[White "Mayta Aiza, Maveric"]
[Black "Bosco, Giuliana"]
[Result "1-0"]
[WhiteTitle "CM"]
[BlackTitle "WCM"]
[WhiteElo "2184"]
[BlackElo "1998"]
[WhiteFideId "3307336"]
[BlackFideId "142611"]
[EventDate "2025.05.23"]

1. d4 Nf6 2. g3 g6 3. Bg2 d5 4. c4 c6 5. cxd5 cxd5 6. Nc3 Bg7 7. Nf3 O-O 8. O-O
Nc6 9. Ne5 Qb6 10. Nxc6 bxc6 11. Na4 Qb5 12. b3 Nd7 13. Bb2 f6 14. Rc1 Kh8 15.
Re1 e5 16. Qc2 Bb7 17. e4 Bh6 18. Rcd1 Rac8 19. dxe5 fxe5 20. Bh3 Rcd8 21. Bc3
Ba8 22. Bxd7 Rxd7 23. Bxe5+ Bg7 24. Nc5 Re7 25. Bxg7+ Kxg7 26. exd5 1-0

[Event "18th American Continental"]
[Site "Foz do Iguacu BRA"]
[Date "2025.05.28"]
[Round "8.54"]
[White "Andrade, Roberto Luiz Costa"]
[Black "Luz, Arthur Nader"]
[Result "0-1"]
[WhiteTitle "FM"]
[WhiteElo "1959"]
[BlackElo "2184"]
[WhiteFideId "2101521"]
[BlackFideId "2148838"]
[EventDate "2025.05.23"]

1. e4 c5 2. Nf3 a6 3. c3 e6 4. d4 d5 5. e5 Bd7 6. Be2 Nc6 7. O-O Qc7 8. Re1 Rc8
9. Be3 cxd4 10. cxd4 Nge7 11. Nc3 Nf5 12. Qd2 Na5 13. Rac1 Nc4 14. Bxc4 Qxc4 15.
Bf4 Bb4 16. a3 Ba5 17. g4 Ne7 18. b4 Bb6 19. Ne4 dxe4 20. Rxc4 Rxc4 21. Rxe4 Bc6
22. Re3 Nd5 23. Rd3 h6 24. Qa2 Bb5 25. Bd2 Rc7 26. Qb1 h5 27. Ng5 Bxd3 28. Qxd3
hxg4 29. Ne4 Rh3 30. Nd6+ Ke7 31. Be3 Rc1+ 0-1

[Event "18th American Continental"]
[Site "Foz do Iguacu BRA"]
[Date "2025.05.28"]
[Round "8.55"]
[White "Sanhueza, Cristian"]
[Black "El Zwei, Aiman Mohamed"]
[Result "1-0"]
[WhiteTitle "FM"]
[WhiteElo "2182"]
[BlackElo "1980"]
[WhiteFideId "116815"]
[BlackFideId "44733909"]
[EventDate "2025.05.23"]

1. e4 e5 2. Nf3 Nc6 3. Bb5 a6 4. Ba4 Nf6 5. O-O b5 6. Bb3 Bc5 7. a4 Rb8 8. axb5
axb5 9. Nxe5 Nxe5 10. d4 Bxd4 11. Qxd4 d6 12. f4 Nc6 13. Qc3 Bb7 14. e5 Ne4 15.
Qe3 d5 16. Nd2 Nxd2 17. Bxd2 O-O 18. Rae1 Re8 19. Qg3 Nd4 20. f5 Nxb3 21. f6 g6
22. Qe3 Re6 23. Qxb3 Qe8 24. Qe3 Qf8 25. Ba5 Rc8 26. Qa7 Ra8 27. Qxb7 Rxa5 28.
Qxc7 Ra8 29. c3 Rc8 30. Qa7 b4 31. Qd4 bxc3 32. bxc3 Qc5 33. Re3 h6 34. h4 g5
35. hxg5 hxg5 36. Rf5 Qxd4 37. Rxg5+ Kf8 38. cxd4 Rc4 39. Rh3 Ke8 40. Rh8+ Kd7
41. Rg7 Rxd4 42. Rxf7+ Kc6 43. Re7 1-0

[Event "18th American Continental"]
[Site "Foz do Iguacu BRA"]
[Date "2025.05.28"]
[Round "8.56"]
[White "Mariani, Daniel Brandao"]
[Black "Arias Diaz, Miguel Angel"]
[Result "1/2-1/2"]
[WhiteElo "2002"]
[BlackElo "2176"]
[WhiteFideId "2124378"]
[BlackFideId "3432742"]
[EventDate "2025.05.23"]

1. d4 d5 2. c4 e6 3. Nc3 Nf6 4. cxd5 exd5 5. Bg5 Be7 6. e3 h6 7. Bh4 Bg4 8. Qb3
Nbd7 9. Bd3 O-O 10. f3 Be6 11. Nge2 c5 12. Qc2 Re8 13. O-O Rc8 14. Rad1 a6 15.
Qd2 b5 16. dxc5 Bxc5 17. Nd4 Ne5 18. Kh1 Nc6 19. Bb1 Nxd4 20. exd4 Be7 21. Qd3
g6 22. Qd2 Kg7 23. Bg3 Kh7 24. a3 Qd7 25. Bf4 h5 26. Rfe1 b4 27. axb4 Bxb4 28.
Be5 Ng8 29. Qg5 Bf5 30. Bxf5 Qxf5 31. Qxf5 gxf5 32. Bg3 1/2-1/2

[Event "18th American Continental"]
[Site "Foz do Iguacu BRA"]
[Date "2025.05.28"]
[Round "8.57"]
[White "Lira, Suan Bruno Fernandes"]
[Black "Arias Diaz, Javier Alonso"]
[Result "1-0"]
[WhiteElo "2163"]
[BlackElo "1962"]
[WhiteFideId "22794620"]
[BlackFideId "3441318"]
[EventDate "2025.05.23"]

1. e4 e6 2. d4 d5 3. Nd2 Be7 4. Bd3 c5 5. dxc5 Nf6 6. Qe2 O-O 7. Ngf3 a5 8. a4
Na6 9. e5 Nd7 10. Nb3 Naxc5 11. Nxc5 Nxc5 12. Bb5 Bd7 13. O-O Rc8 14. Bd2 b6 15.
Be3 Qc7 16. c3 Rfd8 17. Qc2 Bxb5 18. axb5 Nd7 19. Qa4 Bc5 20. Rfe1 Bxe3 21. Rxe3
Qc4 22. Nd4 Qxa4 23. Rxa4 Nc5 24. Ra1 a4 25. Nc6 Rxc6 26. bxc6 Rc8 27. f3 Kf8
28. Rd1 Rxc6 29. Rd4 b5 30. f4 Nb3 31. Rd1 g6 32. g4 Rc4 33. Rf1 Nd2 34. Rd1 Nb3
35. Rf3 Re4 36. h3 Ke7 37. Kf2 h6 38. Re1 Nc5 39. Rd1 b4 40. Ra1 Rc4 41. Ke2
Re4+ 42. Kd1 bxc3 43. bxc3 g5 44. fxg5 hxg5 45. Rb1 a3 46. Ra1 Ra4 47. c4 Rxc4
48. Raxa3 Nd7 49. Ra7 Re4 50. Rb3 Rd4+ 51. Ke1 Re4+ 52. Kf1 Rxe5 53. Rbb7 Kd6
54. Rxd7+ Kc5 55. Rxf7 Re3 56. Rf6 Rxh3 57. Rxe6 Rg3 58. Re5 Rxg4 59. Ra5+ Kc6
60. Raxd5 Rf4+ 61. Kg2 g4 62. Rg5 Ra4 63. Ra5 Rb4 64. Rg6+ Kb7 65. Rh5 Rb2+ 66.
Kg3 Rb3+ 67. Kxg4 Rb4+ 68. Kg5 Rb5+ 69. Kh6 Rb2 70. Rf5 Rh2+ 71. Kg7 Rh1 72.
Rf7+ Kc8 73. Kf8 Re1 74. Rg8 1-0

[Event "18th American Continental"]
[Site "Foz do Iguacu BRA"]
[Date "2025.05.28"]
[Round "8.58"]
[White "Piasetski, Leon"]
[Black "Silva, Juliana Figueira Theophilo"]
[Result "1-0"]
[WhiteTitle "IM"]
[BlackTitle "WFM"]
[WhiteElo "2153"]
[BlackElo "1919"]
[WhiteFideId "2600072"]
[BlackFideId "22781684"]
[EventDate "2025.05.23"]

1. Nf3 c5 2. c4 Nf6 3. Nc3 Nc6 4. d4 cxd4 5. Nxd4 e6 6. g3 Qb6 7. Nb3 Ne5 8. e4
d6 9. f4 Ned7 10. Qe2 Qc7 11. Be3 a6 12. Bg2 Be7 13. O-O O-O 14. Rac1 Rb8 15.
Ba7 Ra8 16. Bf2 Rb8 17. Nd4 Nb6 18. b3 Re8 19. e5 dxe5 20. fxe5 Nfd7 21. Nf3 Nf8
22. Ne4 Nbd7 23. Bd4 Ng6 24. Qf2 Rf8 25. Rfd1 b6 26. Nd6 Bb7 27. Nxb7 Rxb7 28.
Kh1 Rbb8 29. Qe2 Rbd8 30. h4 Bc5 31. Bc3 a5 32. Qe4 Ne7 33. g4 Qc6 34. Ng5 Qxe4
35. Nxe4 Ng6 36. h5 Ne7 37. Rd2 Nb8 38. Nxc5 bxc5 39. Bxa5 Rxd2 40. Bxd2 Nbc6
41. Be3 Nd4 42. Rd1 Rc8 43. Bxd4 Rd8 44. b4 cxd4 45. b5 f6 46. exf6 gxf6 47. b6
e5 48. b7 Kf7 49. Be4 h6 50. a4 Ke6 51. a5 Kd6 52. a6 Nc6 53. Rb1 Rb8 54. Rb6 d3
55. Rxc6+ Kd7 56. Rxf6 d2 57. Rf1 Kc7 58. a7 1-0

[Event "18th American Continental"]
[Site "Foz do Iguacu BRA"]
[Date "2025.05.28"]
[Round "8.59"]
[White "Pereira Vera, Henry Alberto"]
[Black "Starke, Bruno Orlando"]
[Result "0-1"]
[WhiteElo "1913"]
[BlackElo "2143"]
[WhiteFideId "4433270"]
[BlackFideId "2128713"]
[EventDate "2025.05.23"]

1. b3 d5 2. Bb2 Bg4 3. f3 Bf5 4. e3 Nd7 5. Nc3 c6 6. g4 Bg6 7. Nge2 e5 8. Ng3
Qh4 9. Qe2 Bd6 10. O-O-O O-O-O 11. Nf5 Bxf5 12. gxf5 Ngf6 13. Kb1 Kb8 14. Rg1 g6
15. fxg6 hxg6 16. h3 Nh5 17. Rg4 Qe7 18. Qf2 Ndf6 19. Ra4 Ng7 20. d4 exd4 21.
exd4 Nf5 22. Re1 Qc7 23. Re5 Nd7 24. f4 Nb6 25. Ra5 f6 26. Re6 Rde8 27. Qe1 Qf7
28. Rxe8+ Rxe8 29. Qd2 Qe7 30. Ne2 Qe3 31. Qxe3 Nxe3 32. Ng3 Nxf1 0-1

[Event "18th American Continental"]
[Site "Foz do Iguacu BRA"]
[Date "2025.05.28"]
[Round "8.60"]
[White "Bueno, Alfeu Junior Varela"]
[Black "Gonzalez, Augusto"]
[Result "1/2-1/2"]
[WhiteTitle "FM"]
[WhiteElo "2142"]
[BlackElo "1937"]
[WhiteFideId "2108879"]
[BlackFideId "3702529"]
[EventDate "2025.05.23"]

1. e4 c6 2. d4 d5 3. e5 Bf5 4. Nc3 e6 5. g4 Bg6 6. Nge2 c5 7. h4 h5 8. Nf4 Bh7
9. Nxh5 cxd4 10. Qxd4 Bxc2 11. Bg5 Qa5 12. Qd2 Bh7 13. Bb5+ Nc6 14. O-O Ne7 15.
Qf4 Ng6 16. Qe3 a6 17. Bxc6+ bxc6 18. Rfe1 Bc5 19. Qf3 Kf8 20. Nxg7 Kxg7 21.
Bf6+ Kf8 22. h5 Rg8 23. hxg6 Bxg6 24. Kh2 Be7 25. a3 Bxf6 26. Qxf6 Qd8 27. Qxd8+
Rxd8 28. b4 Ke7 29. Rad1 Rc8 30. Ne2 Be4 31. Kg3 c5 32. bxc5 Rxc5 33. Rd4 Rb8
34. Rb4 Rxb4 35. axb4 Rc4 36. f3 Bg6 37. Ra1 Rxb4 38. Rxa6 Kf8 39. Nf4 Kg7 40.
Ra7 Rb6 41. Rd7 Kh6 42. Kh4 Rb4 43. g5+ Kg7 44. Kg3 Rb6 45. Kh4 Rb4 46. Kg3 Rb6
47. Kh4 1/2-1/2

[Event "18th American Continental"]
[Site "Foz do Iguacu BRA"]
[Date "2025.05.28"]
[Round "8.61"]
[White "Donoso Simonetti, Alvaro Matias"]
[Black "Souza Neves, Andrey M."]
[Result "1-0"]
[BlackTitle "FM"]
[WhiteElo "1935"]
[BlackElo "2138"]
[WhiteFideId "5198194"]
[BlackFideId "2101815"]
[EventDate "2025.05.23"]

1. e4 c5 2. Nf3 Nc6 3. Bb5 g6 4. Bxc6 bxc6 5. d4 cxd4 6. Qxd4 f6 7. c4 d6 8. c5
Ba6 9. Nc3 Nh6 10. Bf4 Nf7 11. Qa4 Qc8 12. O-O-O Ne5 13. Nxe5 dxe5 14. Be3 Bg7
15. Rd2 O-O 16. Rhd1 f5 17. f3 fxe4 18. Nxe4 Rb8 19. Kb1 Bb5 20. Qb3+ Kh8 21.
Rd7 Be2 22. Qe6 Bxd1 23. Qxe7 Qxd7 24. Qxd7 Ba4 25. Ng5 e4 26. Bd4 1-0